Criminal liability (Record no. 62733)
[ view plain ]
| 000 -LEADER | |
|---|---|
| fixed length control field | 00881cam a2200193 4500 |
| 001 - CONTROL NUMBER | |
| control field | X104545 |
| 008 - FIXED-LENGTH DATA ELEMENTS--GENERAL INFORMATION | |
| fixed length control field | 000000n2000 000 0 eng u |
| 035 ## - SYSTEM CONTROL NUMBER | |
| System control number | (Sirsi) u104545 |
| 245 ## - TITLE STATEMENT | |
| Title | Criminal liability |
| 260 ## - PUBLICATION, DISTRIBUTION, ETC. | |
| Date of publication, distribution, etc. | 2000 |
| 490 ## - SERIES STATEMENT | |
| Series statement | Estates Gazette Case Summaries |
| Volume/sequential designation | [2000] EGCS 25 (1) |
| 520 ## - SUMMARY, ETC. | |
| Summary, etc. | "In the matter of Rhondda Waste Disposal Ltd (in administration)" CA 10 February 2000. Company operating landfill site under licence - Environment Agency modifying licence and imposing conditions - alleged failure to comply - Agency laying information - administrator appointed over company - whether leave required for commencement of criminal proceedings - whether leave correctly refused. |
| 650 ## - SUBJECT ADDED ENTRY--TOPICAL TERM | |
| Topical term or geographic name entry element | RHONDDA WASTE DISPOSAL LTD |
| 650 ## - SUBJECT ADDED ENTRY--TOPICAL TERM | |
| Topical term or geographic name entry element | POLLUTION |
| 650 ## - SUBJECT ADDED ENTRY--TOPICAL TERM | |
| Topical term or geographic name entry element | CRIMINAL LIABILITY |
| 650 ## - SUBJECT ADDED ENTRY--TOPICAL TERM | |
| Topical term or geographic name entry element | LANDFILL SITES |
| 690 ## - LOCAL SUBJECT ADDED ENTRY--TOPICAL TERM (OCLC, RLIN) | |
| Topical term or geographic name as entry element | ENVIRONMENT-CASE LAW |
| 942 ## - ADDED ENTRY ELEMENTS (KOHA) | |
| Suppress in OPAC | 0 |
| Withdrawn status | Lost status | Source of classification or shelving scheme | Damaged status | Not for loan | Home library | Current library | Shelving location | Date acquired | Total Checkouts | Full call number | Barcode | Date last seen | Copy number | Price effective from | Koha item type |
|---|---|---|---|---|---|---|---|---|---|---|---|---|---|---|---|
| Dewey Decimal Classification | London | London | News article | 02/03/2000 | X104545 | 104545-1001 | 06/08/2019 | 1 | 06/08/2019 | Law report |